| 000 | 00468cam a2200193ua 4500 | ||
|---|---|---|---|
| 020 | _c6.00 | ||
| 041 |
_aeng _h |
||
| 082 |
_a028.75 _bVAR/ES |
||
| 100 | _aVarma, O P . | ||
| 245 |
_aEssays for IAS and other examinations / _cO P Varma. _hTextual Documents |
||
| 250 |
_a1 / _b. |
||
| 260 |
_aNew Delhi : _bVarma Brothers , _c1965. |
||
| 300 | _a404 ; . | ||
| 365 | _a6.00 | ||
| 504 | _a | ||
| 700 | 1 | _aAhuja, B N . | |
| 942 | _cBK | ||
| 999 |
_c8657 _d8657 |
||